[Event "Budapest FS07 Nadassy"]
[Site "Budapest"]
[Date "2022.07.09"]
[Round "7.4"]
[White "Szivak, Andras"]
[Black "Vegh, Karoly"]
[Result "0-1"]
[WhiteElo "1691"]
[BlackElo "1930"]
[PlyCount "74"]
[EventDate "2022.07.02"]
[EventType "schev"]
[EventRounds "12"]
[EventCountry "HUN"]
[SourceTitle "EXT 2023"]
[Source "ChessBase"]
[SourceDate "2022.10.05"]
[SourceVersion "1"]
[SourceVersionDate "2022.10.05"]
[SourceQuality "1"]
[WhiteTeam "Weaker Row"]
[BlackTeam "Strong Row"]
[WhiteTeamCountry "HUN"]
[BlackTeamCountry "HUN"]

1. d4 Nf6 2. c4 c5 3. d5 d6 4. Nc3 g6 5. e4 Bg7 6. f4 0-0 7. Nf3 Na6 8. Be2 Nc7 9. 0-0 a6 10. a4 Bd7 11. e5 Nfe8 12. a5 Rb8 13. Re1 b5 14. axb6 Rxb6 15. Bd3 e6 16. h4 Qb8 17. exd6 Nxd6 18. Ne5 Be8 19. b4 cxb4 20. c5 bxc3 21. cxb6 Nxd5 22. Rb1 Bb5 23. Bxb5 Qxb6+ 24. Kh1 axb5 25. Nd7 Qd8 26. g3 Qxd7 27. Ba3 Qc6 28. Qf3 b4 29. Bxb4 Nxb4 30. Qxc6 Nxc6 31. Rb6 Rc8 32. Rc1 Nf5 33. Kg2 Ncd4 34. g4 Ne2 35. gxf5 Nxc1 36. f6 Bxf6 37. Rb1 Nd3 0-1

[Event "Budapest-chT1 Lilienthal 1718"]
[Site "Budapest"]
[Date "2018.02.11"]
[Round "9"]
[White "Meszaros, Geza"]
[Black "Vegh, Karoly"]
[Result "0-1"]
[WhiteElo "1897"]
[BlackElo "1981"]
[PlyCount "62"]
[EventDate "2017.10.01"]
[EventType "team-tourn"]
[EventRounds "13"]
[EventCountry "HUN"]
[SourceTitle "EXT 2021"]
[Source "ChessBase"]
[SourceDate "2020.10.23"]
[SourceVersion "1"]
[SourceVersionDate "2020.10.23"]
[SourceQuality "1"]
[WhiteTeam "Csepel"]
[BlackTeam "Palota Sakk"]
[WhiteTeamCountry "HUN"]
[BlackTeamCountry "HUN"]

1. e4 d5 2. exd5 Qxd5 3. Nc3 Qa5 4. d4 Nf6 5. Nf3 Nc6 6. Bc4 Bg4 7. d5 0-0-0 8. Bd2 Ne5 9. Qe2 Nxc4 10. Qxc4 e6 11. Nb5 Qb6 12. Be3 exd5 13. Bxb6 dxc4 14. Bd4 Bxf3 15. gxf3 Re8+ 16. Kf1 a6 17. Nc3 Nd7 18. Rg1 f6 19. Ne4 Ne5 20. Kg2 Bd6 21. a4 Ng6 22. Nxd6+ cxd6 23. Rge1 Nh4+ 24. Kh3 Nxf3 25. Rxe8+ Rxe8 26. Be3 Kc7 27. Kg3 Ne5 28. Re1 Kc6 29. h4 Nd7 30. Rd1 Nc5 31. Rd4 Re4 0-1

[Event "Budapest-chT1 Lilienthal 1718"]
[Site "Budapest"]
[Date "2018.01.14"]
[Round "6"]
[White "Karacsonyi, Gellert"]
[Black "Vegh, Karoly"]
[Result "1/2-1/2"]
[WhiteElo "2140"]
[BlackElo "1981"]
[PlyCount "162"]
[EventDate "2017.10.01"]
[EventType "team-tourn"]
[EventRounds "13"]
[EventCountry "HUN"]
[SourceTitle "EXT 2021"]
[Source "ChessBase"]
[SourceDate "2020.10.23"]
[SourceVersion "1"]
[SourceVersionDate "2020.10.23"]
[SourceQuality "1"]
[WhiteTeam "Aquarena III"]
[BlackTeam "Palota Sakk"]
[WhiteTeamCountry "HUN"]
[BlackTeamCountry "HUN"]

1. e4 d5 2. exd5 Qxd5 3. Nc3 Qa5 4. d4 Nf6 5. Nf3 Nc6 6. Bd2 Bg4 7. Nb5 Qb6 8. c4 Bxf3 9. Qxf3 Nxd4 10. Nxd4 Qxd4 11. Qxb7 Qe4+ 12. Qxe4 Nxe4 13. Be3 e6 14. g3 Bb4+ 15. Ke2 a5 16. Bg2 f5 17. Rhd1 Rb8 18. Bxe4 fxe4 19. b3 a4 20. bxa4 Bc3 21. Rab1 Rxb1 22. Rxb1 Kd7 23. Rb3 Bf6 24. a5 Ra8 25. Ra3 Ra6 26. Bd2 Bd4 27. Rb3 Rc6 28. Rb4 Kd6 29. Ra4 Ra6 30. Bb4+ Kd7 31. Ra3 Kc6 32. Rb3 Ra8 33. Rb1 Rb8 34. a3 Bc5 35. Rd1 Bxb4 36. Rb1 Kc5 37. axb4+ Kxc4 38. Rc1+ Kd4 39. Rxc7 Rxb4 40. Rd7+ Ke5 41. Rxg7 Rb2+ 42. Kf1 e3 43. fxe3 Rxh2 44. Rg5+ Kf6 45. Rb5 h5 46. a6 Ra2 47. Rxh5 Rxa6 48. Kf2 Kg6 49. Rb5 Ra3 50. Kf3 Kf6 51. Kf4 Ra1 52. Rb8 Rf1+ 53. Ke4 Rg1 54. Rf8+ Ke7 55. Rf3 Ra1 56. Kf4 Kf6 57. Kg4+ Kg6 58. Rf8 Ra4+ 59. Kf3 Ra1 60. Ke4 Ra5 61. Kf4 Kg7 62. Rb8 Rf5+ 63. Kg4 Kg6 64. e4 Rf1 65. Rb3 Ra1 66. Rf3 Ra5 67. Kf4 Rb5 68. Rd3 Kf6 69. Rd6 Ra5 70. Rb6 Rc5 71. g4 Ra5 72. Rd6 Rb5 73. Rd3 Ra5 74. Rd8 Rb5 75. Rc8 Ra5 76. g5+ Rxg5 77. Rf8+ Ke7 78. Kxg5 Kxf8 79. Kf6 e5 80. Kf5 Kf7 81. Kxe5 Ke7 1/2-1/2

[Event "Budapest-chT1 Lilienthal 1516"]
[Site "Budapest"]
[Date "2015.10.11"]
[Round "3"]
[White "Vegh, Karoly"]
[Black "Piroska, Istvan"]
[Result "0-1"]
[WhiteElo "2015"]
[BlackElo "2065"]
[PlyCount "34"]
[EventDate "2015.09.20"]
[EventType "team-tourn"]
[EventRounds "9"]
[EventCountry "HUN"]
[SourceTitle "EXT 2021"]
[Source "ChessBase"]
[SourceDate "2020.10.23"]
[SourceVersion "1"]
[SourceVersionDate "2020.10.23"]
[SourceQuality "1"]
[WhiteTeam "REAC SISE"]
[BlackTeam "Penzugyor III"]
[WhiteTeamCountry "HUN"]
[BlackTeamCountry "HUN"]

1. e4 e5 2. f4 exf4 3. Nf3 g5 4. Bc4 Bg7 5. 0-0 h6 6. d4 d6 7. c3 Ne7 8. h4 Ng6 9. hxg5 hxg5 10. Qb3 0-0 11. Nbd2 Nc6 12. Qc2 g4 13. d5 Nce5 14. Ne1 Qh4 15. Bd3 Bf6 16. Qd1 Kg7 17. Nc4 g3 0-1

[Event "Budapest-chT1 Lilienthal 1213"]
[Site "Budapest"]
[Date "2012.11.11"]
[Round "3"]
[White "Vegh, Karoly"]
[Black "Zoldy, Robert"]
[Result "1-0"]
[WhiteElo "2023"]
[BlackElo "1957"]
[PlyCount "105"]
[EventDate "2012.09.30"]
[EventType "team-tourn"]
[EventRounds "11"]
[EventCountry "HUN"]
[SourceTitle "EXT 2019"]
[Source "ChessBase"]
[SourceDate "2018.10.10"]
[SourceVersion "1"]
[SourceVersionDate "2018.10.10"]
[SourceQuality "1"]
[WhiteTeam "Budapest REAC SISE"]
[BlackTeam "Budapest Ujpest KSE"]
[WhiteTeamCountry "HUN"]
[BlackTeamCountry "HUN"]

1. e4 e5 2. f4 Bc5 3. Nf3 d6 4. Bc4 Nf6 5. Qe2 Nc6 6. d3 Bg4 7. c3 0-0 8. Bb3 Re8 9. f5 Bxf5 10. Bg5 Be6 11. Bc2 d5 12. Nbd2 d4 13. Rf1 dxc3 14. bxc3 Be7 15. Ba4 Qd6 16. a3 Rad8 17. Bc2 Qc5 18. Nb1 Qb5 19. Bc1 Nh5 20. a4 Qa5 21. g3 Bg4 22. Bd2 Qb6 23. Bc1 h6 24. Ra2 Bh3 25. Rh1 Nf6 26. Rb2 Qa6 27. Rb5 Bd6 28. Qf2 Nb8 29. Nh4 c6 30. Rb2 Nbd7 31. Nf5 Bxf5 32. Qxf5 Nc5 33. Qf3 Bf8 34. c4 Nxa4 35. Ra2 Bb4+ 36. Kf1 b5 37. Bxh6 Qb6 38. Kg2 Nc3 39. Nxc3 Bxc3 40. Rf1 Re6 41. Be3 Bd4 42. Bd2 b4 43. c5 Bxc5 44. Bb3 Red6 45. Bc4 a5 46. g4 Rf8 47. g5 Nh7 48. Bxf7+ Kh8 49. Qh5 Rxf7 50. Qxf7 Rd8 51. Qh5 Kg8 52. g6 Nf6 53. Rxf6 1-0

[Event "Budapest-chT1 Lilienthal 1213"]
[Site "Budapest"]
[Date "2012.09.30"]
[Round "1"]
[White "Vegh, Karoly"]
[Black "Prorok, Marton"]
[Result "0-1"]
[WhiteElo "2023"]
[BlackElo "2229"]
[PlyCount "26"]
[EventDate "2012.09.30"]
[EventType "team-tourn"]
[EventRounds "11"]
[EventCountry "HUN"]
[SourceTitle "EXT 2019"]
[Source "ChessBase"]
[SourceDate "2018.10.10"]
[SourceVersion "1"]
[SourceVersionDate "2018.10.10"]
[SourceQuality "1"]
[WhiteTeam "Budapest REAC SISE"]
[BlackTeam "Fabulon"]
[WhiteTeamCountry "HUN"]
[BlackTeamCountry "HUN"]

1. e4 c5 2. f4 d5 3. e5 Nc6 4. Nf3 Bg4 5. c3 d4 6. Bd3 Qd7 7. h3 Bf5 8. Bb5 a6 9. Qa4 Rc8 10. Bxc6 Rxc6 11. cxd4 cxd4 12. Na3 Rxc1+ 13. Rxc1 Qxa4 0-1

[Event "HUN-chT2 Erkel 0708"]
[Site "Hungary"]
[Date "2007.12.16"]
[Round "5"]
[White "Vegh, Karoly"]
[Black "Koronghy, Gyula"]
[Result "1/2-1/2"]
[WhiteElo "1996"]
[BlackElo "2183"]
[PlyCount "46"]
[EventDate "2007.10.14"]
[EventType "team"]
[EventRounds "11"]
[EventCountry "HUN"]
[SourceTitle "EXT 2009"]
[Source "ChessBase"]
[SourceDate "2008.11.26"]
[SourceVersion "1"]
[SourceVersionDate "2008.11.26"]
[SourceQuality "1"]
[WhiteTeam "Godi"]
[BlackTeam "BEAC II"]
[WhiteTeamCountry "HUN"]
[BlackTeamCountry "HUN"]

1. e4 c5 2. f4 e6 3. Nc3 d5 4. e5 Nc6 5. Nf3 Nge7 6. Be2 Nf5 7. 0-0 h5 8. b3 h4 9. Bb2 a6 10. Bd3 g6 11. Ne2 Qb6 12. Bxf5 gxf5 13. Rc1 Bd7 14. d4 0-0-0 15. c4 Kb8 16. cxd5 exd5 17. Kh1 Be6 18. h3 Be7 19. Ba3 c4 20. Bxe7 Nxe7 21. Rb1 Qc7 22. Qc2 Rc8 23. Rfc1 Qd7 1/2-1/2